MDQL
is popping MORE tags! Check the
thread
!
Quizzes
Events
Quiz Creation
Community
Videos
Private Events
Remove Ads
Sign In
Join for FREE
Feedback
Dark Mode
Quiz Categories
Sports
Geography
Music
Movies
Television
Just For Fun
Miscellaneous
History
Literature
Language
Science
Gaming
Entertainment
Religion
Holiday
For Kids
Quiz Lab
Recent
Popular Today
Quiz Kudos Today
Editor Picks
Curator Picks
Quizzes by...
Day
Popularity
Type
Ratings
Length
Year
Community
Subscriptions
Recent Discussions
Orange Saloon
Badges
Playlists
Quests
Create
Leaderboards
Showdown
Live 5
Trivia Bingo
Activity
Puzzle Library
Sporcle Events
Private Events
Virtual Trivia
Globe League
Become a Host
Pub Owners
SporcleCon
Opinionation
Our Games
Videos
Blog
Mobile Apps
Partnerships
Remove Ads and Go Orange
Feedback
Sports
Athletes
MLB
NBA
NHL
NFL
Soccer
Sports Teams
WWE
NCAA
Football
Premier League
Basketball
Baseball
Hockey
Golf
Tennis
Cricket
Rugby
Auto Racing
Olympics
World Cup
Sports
Athletes
MLB
NBA
NHL
NFL
Soccer
Sports Teams
WWE
NCAA
Football
Premier League
Basketball
Baseball
Hockey
Golf
Tennis
Cricket
Rugby
Auto Racing
Olympics
World Cup
Random Quiz
Search Sporcle
×
Quiz Lab
Quiz Lab
Sports
NBA
Type in answers that appear in a list
Type in answers that appear in a list
Classic
Best Score? Go Orange.
NBA Career Per Game Top 20 Stats
Can you name the NBA Career Per Game Top 20?
By
Rayndell
15m
100 Questions
271 Plays
271 Plays
271 Plays
Comments
Comments
Give Quiz Kudos
Give Quiz Kudos
-
- Ratings
hide this ad
More Info
Replay
Link that replays current quiz
Next Quiz
Link to next quiz in quiz playlist
You Got
0%
They Got
Avg Score
70%
Avg Friend Score
Upgrade to see
Score Distribution
Jump to the score distribution portion of the page
Score
0/100
Timer
15:00
0
Plays Today
% Correct
Michael Jordan
98.9%
Wilt Chamberlain
98.9%
LeBron James
98.9%
Wilt Chamberlain
98.9%
Michael Jordan
98.9%
Magic Johnson
97.4%
Magic Johnson
97.4%
Gus Johnson
97%
Kevin Johnson
97%
George Johnson
97%
John Stockton
95.6%
John Stockton
95.6%
Bill Russell
95.2%
Steve Nash
94.5%
Jason Kidd
94.1%
Jason Kidd
94.1%
Kobe Bryant
93.7%
Karl Malone
92.3%
Kareem Abdul-Jabbar
92.3%
Moses Malone
92.3%
Kareem Abdul-Jabbar
92.3%
Dwyane Wade
91.9%
Chris Paul
90.4%
Jerry West
90%
Shaquille O'Neal
89.7%
Shaquille O'Neal
89.7%
Tim Duncan
89.3%
Tim Duncan
89.3%
Hakeem Olajuwon
88.9%
Allen Iverson
88.2%
Oscar Robertson
88.2%
Oscar Robertson
88.2%
Allen Iverson
88.2%
Alvin Robertson
87.8%
% Correct
David Robinson
86.7%
Dennis Rodman
85.6%
Isiah Thomas
85.2%
Isiah Thomas
85.2%
Larry Bird
84.9%
Patrick Ewing
84.1%
Deron Williams
83.8%
Gus Williams
83.8%
Elgin Baylor
83.4%
Elgin Baylor
83.4%
Dikembe Mutombo
81.5%
Scottie Pippen
80.1%
Carmelo Anthony
79.3%
Bob Cousy
78.6%
Dwight Howard
78.2%
Dwight Howard
78.2%
Charles Barkley
77.5%
Bob Pettit
76.8%
Bob Pettit
76.8%
Mark Jackson
76.8%
Dominique Wilkins
76.4%
Elvin Hayes
76.4%
Gary Payton
75.3%
Manute Bol
75.3%
George Gervin
73.1%
Clyde Drexler
72.7%
Mark Eaton
72.7%
Rajon Rondo
72.3%
Wes Unseld
65.3%
Adrian Dantley
64.6%
Elmore Smith
63.5%
Josh Smith
63.5%
Pete Maravich
62.7%
Willis Reed
61.3%
% Correct
Rick Barry
59.4%
Alonzo Mourning
59.4%
Tiny Archibald
58.3%
Baron Davis
56.8%
Maurice Cheeks
56.1%
Shawn Bradley
55.7%
Jerry Lucas
55%
Dave Cowens
54.2%
Nate Thurmond
53.5%
Dolph Schayes
53.1%
Walt Bellamy
52.8%
Tim Hardaway
52.4%
Marcus Camby
52.4%
Bill Walton
52%
Kevin Porter
47.6%
Stephon Marbury
43.5%
Theo Ratliff
40.6%
Micheal Ray Richardson
38.7%
Mookie Blaylock
37.6%
Muggsy Bogues
37.3%
Tree Rollins
35.4%
Ron Artest
35.1%
Fat Lever
32.8%
Norm Nixon
25.1%
Larry Nance
24.7%
Guy Rodgers
21.4%
Nate McMillan
19.2%
Doug Christie
14.4%
Johnny Moore
11.8%
Bill Bridges
9.6%
Harry Gallatin
7%
Quinn Buckner
2.6%
Quiz Playlist
Details
Report
Send in Message
Add To Playlist
More Info:
* denotes an active player.
Classic:
Type in answers that appear in a list
Quiz Source
Last Updated: Feb 16, 2017
Quiz Scoreboard
CHALLENGE
Sign Up to Join the Scoreboard
Show All
Scores
Hide
Comments
May contain spoilers
Recently Published
1-10 Letter E Words III
by El_Dandy
Language
2m
Street Fighter Characters
by Artimus82
Gaming
60s
College Basketball Coaching Resumes
by pancakes188
Sports
9m
More to Explore
Quiz From the Vault
Featured Blog Post
Where Did the Easter Bunny Come From?
hide this ad
You Might Also Like...
Tags
Basketball Quiz
NBA Quiz
block
Career
Career Leaders
Per Game
Top 20
Today's Top Quizzes in Sports
Browse Sports
hide this ad
Today's Top Quizzes in NBA
Browse NBA
Top Contributed Quizzes in Sports
1
2022 World Cup Stars
2
Les meilleurs buteurs des matchs entre le PSG et l’OM
3
FIFA Club World Cup Champions
4
Les entraîneurs de l'OM et du PSG au 21e siècle
5
Criteria MLB: Left Handed Sluggers
6
2023 MLB Unique Player Accomplishments
7
AFC Teams Reveal (Wrong Answers Minefield)
8
Players with Multiple 50 Home Run Seasons
9
5-to-1: FBS Animal Nicknames
10
5-to-1: UK Sports Teams
Explore More
Trending Topics
Marvel
Kpop
Anime
Disney
NBA
Harry Potter
Crossword
The Office
Country
Puzzle
Soccer
WWE
NFL
Pokémon
Song
hide this ad
More By:
Rayndell
Quiz
Plays
Rating
Category
Featured
Created
NBA Top 200 Scorers (1980s)
42,645
4.67
Sports
May 3, 2013
NBA Top 200 Rebounders (2000's)
2,826
4.53
Sports
May 9, 2013
NBA Top 5 starters by team (since 1982)
909
5.00
Sports
Jan 23, 2012
NBA yearly statistical leaders
527
4.83
Sports
Nov 30, 2010
NBA Career Per Game Top 20
271
4.67
Sports
May 1, 2011
Go to Creator's Profile
Score Distribution
Quiz Creator Spotlight
Rayndell
Follow
Send a Message
Quizzes Created
-
Created Quiz Play Count
-
More By This Creator
Popular Quizzes Today
1
Find the US States - No Outlines Minefield
2
Find the Countries of Europe - No Outlines Minefield
3
Find the US States
4
The Countries of the World
5
Risky Map Clicking: Biggest States A-Z
6
US States
7
Popular People in 1961
8
Movies - When Are They Set?
More Sports Quizzes
Which Kansas City Sports Team?
Quiz Lab
Trending Quizzes
Risky Map Clicking: Least Populous States A-Z
1-10 Letter G Words
Countries of the World: 200 Million BC
1-10 Letter F Words
Risky Map Clicking: Next State Alphabetically
Recently Updated
Largest US Cities 1790-2010
pecheneg
Rides in Walt Disney World
pecheneg
Most Oscar Losses (Acting)
pecheneg
Beyoncé Albums
pecheneg
Leaping Animals
pecheneg
Reality TV Shows (A-Z)
bhenderson79
Rickey Henderson's Hall of Fame Teammates
pecheneg
Champions League XIs: Arsenal
pecheneg
Quick Pick: Celebrities in WWE's Hall of Fame
aduchscher
A-Z Keypad Blitz II
pecheneg
Trending Topics
Disney
Harry Potter
Anime
Crossword
Marvel
NBA
Kpop
WWE
The Office
Country
Puzzle
Soccer
Song
NFL
Pokémon
Your Account Isn't Verified!
In order to create a playlist on Sporcle, you need to verify the email address you used during registration. Go to your
Sporcle Settings
to finish the process.
Report this User
Report this user for behavior that violates our
Community Guidelines
.
Details:
Send Report
Go to the Sporcle.com Mobile Site →
Comments